| 000 | 00325nam a22001217a 4500 | ||
|---|---|---|---|
| 999 |
_c14859 _d14859 |
||
| 020 | _a8171796796 | ||
| 082 |
_a664.92 _bSHA/ME |
||
| 100 |
_aSharma, B D _92092 |
||
| 245 | _aMeat and meat products technolgy (Including poultry products technology) | ||
| 260 |
_aNew Delhi _bJaypee Brothers _c1999 |
||
| 300 | _a139p | ||
| 942 | _cBK | ||